000 00939nam2a2200253 4500
001 RU\NLR\bibl\44221
005 20250616081725.0
021 _aRU
_b99-14442
_9696
035 _a(NLR Aleph) 000043124
090 _a226859
_c226859
100 _a19990820d1999 |||y0rusy50 ca
101 0 _arus
102 _aRU
105 _ay z |||||
200 0 _aЧ.2
210 _d[1999]
_aБ. м.
215 _a173 с.
461 0 _1001RU\NLR\bibl\25407
_12001#$aДуховное и народное целительство в экологии и медицине$vЧ. 2
_9118348
_cМ.
_d1999
_nБ. и.
_oII Междунар. конгр. : Тез. докл. участников конгр.
_tДуховное и народное целительство в экологии и медицине
_vЧ. 2
801 0 _aRU
_bNLR
_c19990820
_gPSBO
801 1 _aRU
_bNLR
_c19990820
852 _aNLR
_j99-7/402
942 _cBOOK
980 _aNB